Gemeinden Bezirk Klagenfurt-Land - Statistiken

Allgemein
  • Dieses Quiz wurde 13 mal gespielt
  • Das Durchschnittsergebnis liegt bei 9 aus 19
Antwortstatistiken
Gemeinde % Korrekt
Ferlach
75%
Köttmannsdorf
63%
Magdalensberg
63%
Maria Rain
63%
Maria Saal
63%
Maria Wörth
63%
Grafenstein
50%
Krumpendorf am Wörther See
50%
Poggersdorf
50%
Pörtschach am Wörther See
50%
Zell
50%
Feistritz im Rosental
38%
Keutschach am See
38%
Moosburg
38%
Ebenthal in Kärnten
25%
Ludmannsdorf
25%
Schiefling am Wörther See
25%
Techelsberg am Wörther See
25%
St. Margareten im Rosental
13%
Keine übereinstimmenden Quizze gefunden
Verteilung der Resultate
Anzahl Personen mit jedem Resultat
Perzentil nach korrekt beantworteten Fragen
Ihre Resultats-Entwicklung
Sie haben dieses Quiz noch nicht gespielt